000 00855nam a22002297a 4500
999 _c5177
_d5177
003 AR-CdUCM
008 190312b ||||| |||| 00| 0 spa d
040 _aMUNICIPALIDAD PROVINCIAL DEL CUSCO
_cBIBLIOTECA MUNICIPAL DEL CUSCO
082 _a956.44 /
_bS26
100 _aSayegh A, Dr. Fayez
_915715
245 _aLa Revolucion Palestina drente a Camp David /
260 _aMéxico :
_bProlibro S.A ,
_c1979.
300 _a88 páginas ;
_c22.9 cm.
505 _aContenido : Caracteristicas basicas -- El establecimiento -- Autonomia durante un periodo -- Despues del Periodo -- La solucion del problema palestino...
650 _aPalestina
_9814
650 _aHistoria de Palestina
_915716
650 _aRevolucion Palestina
_915717
700 _aMathiot, Elizabeth
_915718
700 _aLacheraf, Mostefa
_915719
942 _2ddc
_cLIBROS
945 _artm